000 00442nam a2200157 4500
001 139101
003 ES-MaACL
005 20230906195713.0
007 t|
008 070214s1964 sp r ||||1| spa d
100 1 _aSarazá Ortiz, Rafael.
_9103778
245 1 3 _aLa producción animal en España /
_cRafael Sarazá Ortiz.
260 _aOviedo :
_bUniversidad,
_c1964.
300 _a128 p. ;
_c25 cm.
852 _aES-MaACL
_jC-26135
_bR.55021
999 _c139101
_d139101